000 00663nam a22002177a 4500
005 20251017113707.0
008 251017b |||||||| |||| 00| 0 eng d
020 _a0879720700
_cRS.4077.38
040 _aLoreto College
041 _aEnglish
082 _a824
_bBIG
245 _aSuperculture
_bAmerican popular culture and Europe
_cEdited by C.W.E.Bigsby
260 _aOhio
_bBowling Green University Popular Press
_c1975
300 _axiii,225p
_b22cm
504 _aIncludes notes
650 _aPopular culture
_zUnited States
651 _aCulture and society,European-American influence
700 _4ed.
_aBigsby,C.W.E.
850 _aLCLIB
942 _cBK
999 _c44164
_d94643